000 01129cab a22002055a 4500
001 L137654
008 070314e2007 xxk 000 0 eng d
035 _a(Sirsi) u138155
041 _aeng
110 2 _aHome Builders Federation
_94896
245 _aHBF regional survey of house builders
_bMarch 2007
260 _c2007
490 _aHousing Market Report
_v(179) April 2007, 7-12(5)
520 _aFinds that site visitors are fewer than in March 2006, while net reservations show a modest increase. Visitors and reservations recorded above-average growth from February. House builders are increasing house prices and have increased their use of sales incentives. Developers are optimistic that sales will grow in 2007. Mortgage rates and terms have not become problematic despite interest rate rises. Planning delays remain the most serious production constraint. Land prices continued to rising strongly. Tables and graphs.
590 _aKA
650 2 4 _aHBF REGIONAL SURVEY OF HOUSE BUILDERS
651 4 _aEngland and Wales
_y1543-
690 _aPROPERTY-RESIDENTIAL PROPERTY-RESIDENTIAL PROPERTY MARKET
942 _n0
999 _c78802
_d78802